000 00361pab a2200157 454500
008 180718b2014 xxu||||| |||| 00| 0 eng d
100 _aVivek Kumar
245 _aWhose cleanliness?
260 _c2014
300 _ap.13-15.
362 _a1 Nov
650 _aUrban development
773 _aEconomic and Political Weekly
908 _aN
909 _a106211
999 _c106206
_d106206